Statystyki dla Aglomeracja Slaska

Kliknij tutaj aby rozwiązać quiz!

Ogólne statystyki

  • Ten quiz został rozwiązany 37 razy
  • Średni wynik to 14 z 19

Statystyki odpowiedzi

Odpowiedź% Poprawnych
Katowice
100%
Bytom
97%
Sosnowiec
94%
Zabrze
94%
Chorzow
91%
Gliwice
91%
Tychy
91%
Ruda Slaska
88%
Dabrowa Gornicza
75%
Swietochlowice
72%
Bedzin
69%
Jaworzno
69%
Myslowice
69%
Piekary Slaskie
63%
Tarnowskie Gory
59%
Czeladz
53%
Mikolow
53%
Knurow
28%
Siemanowice Slaskie
22%

Rozkład punktacji

Percentyl według liczby udzielonych odpowiedzi

Procent ludzi z każdym wynikiem

Twoja historia wyników

Nie rozwiązałeś tego quizu